| Tag |
First Indicator |
Second Indicator |
Subfields |
| LEADER |
00000cam a2200000 a 4500 |
| 001 |
in00002017563 |
| 005 |
20151031153236.0 |
| 008 |
040616s2004 enk b 001 0 eng |
| 015 |
|
|
|a GBA460409
|2 bnb
|
| 016 |
7 |
|
|a 101221395
|2 DNLM
|
| 016 |
7 |
|
|a 012953495
|2 Uk
|
| 020 |
|
|
|a 1855759543
|
| 035 |
|
|
|a (OCoLC)ocm56414993
|
| 040 |
|
|
|a NLM
|c NLM
|d UMC
|d UKM
|d TXA
|d UtOrBLW
|
| 042 |
|
|
|a pcc
|
| 049 |
|
|
|a TXAM
|
| 050 |
|
4 |
|a RC489.P72
|b G44 2004
|
| 060 |
0 |
0 |
|a 2004 G-790
|
| 060 |
1 |
0 |
|a WM 141
|b G411f 2004
|
| 082 |
0 |
4 |
|a 616.8914
|2 22
|
| 100 |
1 |
|
|a Ghaffari, Kamran.
|
| 245 |
1 |
4 |
|a The function of assessment within psychological therapies :
|b a psychodynamic view /
|c Kamran Ghaffari, Luigi Caparrotta.
|
| 264 |
|
1 |
|a London ;
|a New York :
|b Karnac,
|c 2004.
|
| 300 |
|
|
|a xvi, 101 pages ;
|c 23 cm.
|
| 336 |
|
|
|a text
|b txt
|2 rdacontent
|
| 337 |
|
|
|a unmediated
|b n
|2 rdamedia
|
| 338 |
|
|
|a volume
|b nc
|2 rdacarrier
|
| 504 |
|
|
|a Includes bibliographical references (pages 83-94) and index.
|
| 650 |
|
0 |
|a Psychodynamic psychotherapy.
|
| 700 |
1 |
|
|a Caparrotta, Luigi.
|
| 948 |
|
|
|a cataloged
|b h
|c 2004/12/15
|d c
|e jgreene
|f 12:55:11 pm
|
| 994 |
|
|
|a E0
|b TXA
|
| 999 |
|
|
|a MARS
|
| 999 |
f |
f |
|s 72b968ed-cc75-30c3-b060-24114ebb53c6
|i 64a7846b-a8b1-3144-9389-a8bc0fa6611b
|t 0
|
| 952 |
f |
f |
|p ric
|a Texas A&M University
|b Rellis Campus
|c Joint Library Facility
|d Remote Storage
|t 0
|e RC489.P72 G44 2004
|h Library of Congress classification
|i unmediated -- volume
|m A14831692269
|
| 998 |
f |
f |
|a RC489.P72 G44 2004
|t 0
|l Remote Storage
|